[Event "Pan American-ch Seniors 65"]
[Site "Florianopolis"]
[Date "2022.06.23"]
[Round "4"]
[White "Tobar Salas, Juan Carlos"]
[Black "Aragao Neto, Joao Batista"]
[Result "1-0"]
[WhiteElo "1347"]
[BlackElo "1605"]
[PlyCount "53"]
[EventDate "2022.06.21"]
[EventType "swiss"]
[EventRounds "9"]
[EventCountry "BRA"]
[SourceTitle "CBM 209 Extra"]
[Source "ChessBase"]
[SourceDate "2022.09.30"]
[SourceVersion "1"]
[SourceVersionDate "2022.09.30"]
[SourceQuality "1"]

1. d4 Nf6 2. Bf4 g6 3. Nc3 Bg7 4. e4 d6 5. Qd2 c6 6. 0-0-0 0-0 7. h4 h5 8. Bh6 b5 9. Bxg7 Kxg7 10. Be2 b4 11. e5 Ng4 12. Ne4 d5 13. f3 dxe4 14. fxg4 hxg4 15. h5 Rh8 16. Qg5 e6 17. Qxg4 Rh6 18. Nh3 Nd7 19. Nf4 g5 20. Nh3 f5 21. exf6+ Nxf6 22. Qxg5+ Kh7 23. Rdf1 Bd7 24. Rf2 Qe7 25. Qe5 Rg8 26. Rhf1 Rf8 27. g4 1-0

[Event "Wch Seniors 65 24th"]
[Site "Katerini"]
[Date "2014.10.27"]
[Round "4"]
[White "Reuben, Stewart"]
[Black "Tobar Salas, Juan Carlos"]
[Result "1-0"]
[WhiteElo "2089"]
[BlackElo "1538"]
[PlyCount "37"]
[EventDate "2014.10.24"]
[EventType "swiss"]
[EventRounds "11"]
[EventCountry "GRE"]
[SourceTitle "EXT 2015"]
[Source "ChessBase"]
[SourceDate "2014.11.20"]
[SourceVersion "1"]
[SourceVersionDate "2014.11.20"]
[SourceQuality "1"]

1. d4 Nf6 2. c4 d6 3. Nc3 g6 4. g3 Bg7 5. Bg2 c6 6. e4 0-0 7. Nge2 e5 8. 0-0 exd4 9. Nxd4 Nbd7 10. h3 Nc5 11. Be3 Ne6 12. Qd2 Re8 13. Rad1 Nxd4 14. Bxd4 Re6 15. f4 Qe7 16. f5 Nxe4 17. Nxe4 Rxe4 18. f6 Rxd4 19. fxe7 1-0